Vědeckotechnický pokrok, investiční výstavba a životný prostředí s využitím výsledků státního výzkumného úkolu Věcné a metodické problémy životního prostředí vytvářeného výstavbou, z období 1971-1975

Na minha lista:
Detalhes bibliográficos
Formato: Livro
Idioma:tcheco
Publicado em: Praha Rada pro životní prostředí při vládě ČSR 1980
Tags: Adicionar Tag
Sem tags, seja o primeiro a adicionar uma tag!

MARC

LEADER 00000nam a2200000 4500
001 c141015
005 20041019155320.6
041 0 |a cze 
044 |a CZ 
245 1 0 |a Vědeckotechnický pokrok, investiční výstavba a životný prostředí  |b s využitím výsledků státního výzkumného úkolu Věcné a metodické problémy životního prostředí vytvářeného výstavbou, z období 1971-1975 
264 1 |a Praha  |b Rada pro životní prostředí při vládě ČSR  |c 1980 
300 |a 148 s.